000
00335pab a2200133 454500
008
180718b xxu||||| |||| 00| 0 eng d
100
_a
Babanari, Gholam Ali Nauri
245
_a
New Developments in international law
650
_a
Law
650
_a
Colonialism
650
_a
International Law
773
_a
India Quarterly
909
_a
1653
999
_c
1653
_d
1653